000 00340nam a22001217a 4500
008 230621b xxu||||| |||| 00| 0 eng d
082 _a328.30
_bCPA
100 _cCPA
245 _a4th Commonwealth Parliamentary Conference of Members from Small Countries
_bIsle of Man 1984
260 _aLondon
_bCPA
_c1984
300 _a89p
942 _2ddc
_cBK
999 _c1992
_d1992